[Event "Crema op 11th"]
[Site "Crema"]
[Date "2009.09.05"]
[Round "3"]
[White "Petrone, Gianmario"]
[Black "Cappa, Enrico"]
[Result "1-0"]
[WhiteElo "1752"]
[BlackElo "1529"]
[PlyCount "81"]
[EventDate "2009.09.04"]
[EventType "swiss"]
[EventRounds "6"]
[EventCountry "ITA"]
[SourceTitle "EXT 2011"]
[Source "ChessBase"]
[SourceDate "2010.11.26"]
[SourceVersion "1"]
[SourceVersionDate "2010.11.26"]
[SourceQuality "1"]

1. e4 c5 2. Nf3 d6 3. d4 cxd4 4. Nxd4 Nf6 5. Nc3 a6 6. h3 g6 7. Be3 Bg7 8. Qd2 b5 9. a3 Bb7 10. Bd3 0-0 11. g4 Nc6 12. Rg1 Nxd4 13. Bxd4 e5 14. Be3 Nd7 15. 0-0-0 Rc8 16. h4 Nc5 17. h5 Nxd3+ 18. Qxd3 Rc6 19. hxg6 fxg6 20. Qd2 Rf7 21. Rh1 Bf8 22. Nd5 Rc4 23. Bg5 Qc8 24. Bf6 Rxc2+ 25. Qxc2 Qxc2+ 26. Kxc2 Bxd5 27. Rxd5 Rxf6 28. Rf1 Rf3 29. Rd3 Rf4 30. f3 h5 31. Rg1 h4 32. Rh1 g5 33. Rc3 Kf7 34. Rc7+ Ke6 35. Rh3 d5 36. Rc6+ Bd6 37. exd5+ Kxd5 38. Rxa6 Rc4+ 39. Kb3 e4 40. fxe4+ Rxe4 41. Rd3+ 1-0

[Event "Crema op 11th"]
[Site "Crema"]
[Date "2009.09.04"]
[Round "1"]
[White "Colombo, Luca"]
[Black "Cappa, Enrico"]
[Result "1-0"]
[WhiteElo "1850"]
[BlackElo "1529"]
[PlyCount "74"]
[EventDate "2009.09.04"]
[EventType "swiss"]
[EventRounds "6"]
[EventCountry "ITA"]
[SourceTitle "EXT 2011"]
[Source "ChessBase"]
[SourceDate "2010.11.26"]
[SourceVersion "1"]
[SourceVersionDate "2010.11.26"]
[SourceQuality "1"]

1. e4 c5 2. Nc3 d6 3. d3 Nf6 4. g3 e6 5. Bg2 Nc6 6. Nge2 Be7 7. 0-0 0-0 8. f4 Bd7 9. h3 h5 10. Be3 a6 11. d4 cxd4 12. Nxd4 e5 13. Nf5 Be6 14. Nxe7+ Nxe7 15. f5 Bc8 16. g4 hxg4 17. hxg4 Nh7 18. g5 b5 19. f6 gxf6 20. gxf6 Ng6 21. Nd5 Rb8 22. Qf3 Be6 23. Rad1 Rc8 24. c3 Re8 25. Bh3 Bxh3 26. Qxh3 Rc4 27. Qg2 Kh8 28. Bh6 Rg8 29. Bg7+ Rxg7 30. fxg7+ Kxg7 31. b3 Rc6 32. Rd3 Ng5 33. Rg3 Ne6 34. Rxf7+ Kxf7 35. Rxg6 Qf8 36. Rf6+ Ke8 37. Qg6+ Kd8 1-0